LEADER 01037nam 2200325Ia 450 001 996385969303316 005 20221108095354.0 035 $a(CKB)1000000000610549 035 $a(EEBO)2240954760 035 $a(OCoLC)12394643 035 $a(EXLCZ)991000000000610549 100 $a19850816d1661 uy | 101 0 $aeng 135 $aurbn||||a|bb| 200 10$aMaster Dowglasse, his sermon$b[electronic resource] $epreach't at the down-sitting of this last Parliament of Scotland, 1661 : an advertisement to the courteous reader, in a postcript 210 $aLondon $c[s.n.]$d1661 215 $a[2], 37, [1] p 300 $aReproduction of original in Bodleian Library. 300 $aAdvertisement: p. [1] at end. 300 $aErrata: p. [1] at end. 330 $aeebo-0014 700 $aDouglas$b Robert$f1594-1674.$01005428 801 0$bEAA 801 1$bEAA 801 2$bm/c 801 2$bWaOLN 906 $aBOOK 912 $a996385969303316 996 $aMaster Dowglasse, his sermon$92376960 997 $aUNISA LEADER 01960oam 2200493I 450 001 9910707260803321 005 20160610150522.0 035 $a(CKB)5470000002462899 035 $a(OCoLC)891382707 035 $a(EXLCZ)995470000002462899 100 $a20140926d1969 ua 0 101 0 $aeng 135 $aurmn||||||||| 181 $ctxt$2rdacontent 182 $cc$2rdamedia 183 $acr$2rdacarrier 200 10$aMineral resources of the San Juan primitive area, Colorado $ean evaluation of the mineral potential of the area /$fby T.A. Steven and [and three others] ; with a section on Iron resources in the Irving Formation by Jacob E. Gair and Harry Klemic 210 1$a[Washington, D.C.] :$cUnited States Department of the Interior, Geological Survey,$d1969. 210 2$aWashington :$cUnited States Government Printing Office. 215 $a1 online resource (viii, 187 pages, 2 pages of plates) $cillustrations, color maps 225 1 $aGeological Survey bulletin ;$v1261-F 225 1 $aStudies related to wilderness-primitive areas 300 $aTitle from title screen (viewed September 15, 2014). 320 $aIncludes bibliographical references (pages 118-120) and index. 517 $aMineral resources of the San Juan primitive area, Colorado 606 $aGeology$zColorado 606 $aMines and mineral resources$zColorado 606 $aWilderness areas$zColorado 615 0$aGeology 615 0$aMines and mineral resources 615 0$aWilderness areas 700 $aSteven$b Thomas A$g(Thomas August),$f1917-2013,$01388925 702 $aGair$b Jacob Eugene$f1922- 702 $aKlemic$b Harry$f1920- 712 02$aGeological Survey (U.S.), 801 0$bCOP 801 1$bCOP 801 2$bOCLCO 801 2$bOCLCA 801 2$bGPO 906 $aBOOK 912 $a9910707260803321 996 $aMineral resources of the San Juan primitive area, Colorado$93507492 997 $aUNINA LEADER 01491nas 2200481-a 450 001 996204925103316 005 20231213213019.0 011 $a1872-9185 035 $a(OCoLC)39098055 035 $a(CKB)954926244520 035 $a(CONSER)--2005233210 035 $a(EXLCZ)99954926244520 100 $a19980511a19909999 s-- a 101 0 $aeng 135 $aurmnu|||||||| 181 $ctxt$2rdacontent 182 $cc$2rdamedia 183 $acr$2rdacarrier 200 10$aMuseum management and curatorship 210 $aGuildford, U.K. $cButterworth Scientific Ltd 210 3 $aAbingdon, UK $cTaylor & Francis 215 $aonline resource 300 $aRefereed/Peer-reviewed 300 $aTitle from contents screen (ScienceDirect, viewed Nov. 10, 2005). 300 $aPublished: Elesevier Ltd., <1995-> 311 $a0964-7775 606 $aMuseums$xAdministration$vPeriodicals 606 $aMuseum curators$vPeriodicals 606 $aMuseum curators$2fast$3(OCoLC)fst01030074 606 $aMuseums$xAdministration$2fast$3(OCoLC)fst01030135 606 $aMuseumkunde$2gtt 608 $aPeriodicals.$2fast 608 $aPeriodicals.$2lcgft 615 0$aMuseums$xAdministration 615 0$aMuseum curators 615 7$aMuseum curators. 615 7$aMuseums$xAdministration. 615 17$aMuseumkunde. 676 $a069 906 $aJOURNAL 912 $a996204925103316 996 $aMuseum management and curatorship$92426243 997 $aUNISA